000
00309nam a2200109 4500
999
_c
9920
_d
9920
008
180723b ||||| |||| 00| 0 eng d
245
_a
FVR mission to focus on tourism, fishing.
260
_a
Philippines
_b
Philippine Daily Inquirer
_c
c2016
300
_a
page A13.
650
0
_9
29296
_a
Tourism.
942
_2
ddc
_c
PER